[Event "Canadian zt (Women)"]
[Site "Toronto"]
[Date "2024.03.30"]
[Round "5"]
[White "Li, Yunshan"]
[Black "Ouellet, Maili Jade"]
[Result "1/2-1/2"]
[WhiteElo "2262"]
[BlackElo "2267"]
[PlyCount "63"]
[EventDate "2024.03.28"]
[EventType "team-swiss"]
[EventRounds "9"]
[EventCountry "CAN"]
[SourceTitle "CB15_2024"]
[SourceDate "2024.04.10"]
[SourceVersion "1"]
[SourceVersionDate "2024.04.10"]
[SourceQuality "1"]

1. Nf3 d5 2. b3 c5 3. e3 a6 4. Bb2 Nc6 5. d4 Nf6 6. Bd3 Bg4 7. 0-0 cxd4 8. exd4 e6 9. Nbd2 Bd6 10. a3 0-0 11. h3 Bh5 12. Qe1 Bg6 13. Bxg6 hxg6 14. Qe3 Ne7 15. Rac1 Rc8 16. Rfd1 Nf5 17. Qd3 Bf4 18. c4 Ne4 19. Rc2 Nxd2 20. Nxd2 dxc4 21. bxc4 b5 22. cxb5 axb5 23. Rxc8 Qxc8 24. Rc1 Qb7 25. Rc5 Bxd2 26. Qxd2 Nd6 27. d5 Nc4 28. Qc3 Nxb2 29. Qxb2 exd5 30. Qxb5 Qxb5 31. Rxb5 Ra8 32. Rxd5 1/2-1/2

[Event "Canadian zt (Women)"]
[Site "Toronto"]
[Date "2024.03.29"]
[Round "3"]
[White "Demchenko, Svitlana"]
[Black "Ouellet, Maili Jade"]
[Result "1/2-1/2"]
[WhiteElo "2141"]
[BlackElo "2267"]
[PlyCount "72"]
[EventDate "2024.03.28"]
[EventType "team-swiss"]
[EventRounds "9"]
[EventCountry "CAN"]
[SourceTitle "CB15_2024"]
[SourceDate "2024.04.10"]
[SourceVersion "1"]
[SourceVersionDate "2024.04.10"]
[SourceQuality "1"]

1. e4 c5 2. c3 Nf6 3. e5 Nd5 4. d4 cxd4 5. Nf3 Nc6 6. cxd4 d6 7. Bc4 Nb6 8. Bb5 dxe5 9. Nxe5 Bd7 10. Bxc6 Bxc6 11. Nxc6 bxc6 12. 0-0 e6 13. Be3 Be7 14. Nd2 0-0 15. Qc2 Rc8 16. Rfd1 Nd5 17. Nc4 c5 18. Qa4 Nxe3 19. Nxe3 cxd4 20. Qxd4 Qxd4 21. Rxd4 Bf6 22. Rd2 Rfd8 23. Rxd8+ Rxd8 24. Rd1 Rxd1+ 25. Nxd1 Kf8 26. Kf1 Ke7 27. Ke2 Kd6 28. Kd3 Be5 29. h3 Kc5 30. a3 f5 31. b3 g6 32. Ne3 Bf6 33. f3 Bg7 34. Nc4 Bf6 35. Ne3 Bg7 36. Nc4 Kd5 1/2-1/2

[Event "Seville op 49th"]
[Site "Seville"]
[Date "2024.01.18"]
[Round "7"]
[White "Ouellet, Maili Jade"]
[Black "Basso, Pier Luigi"]
[Result "0-1"]
[WhiteElo "2222"]
[BlackElo "2482"]
[PlyCount "142"]
[EventDate "2024.01.12"]
[EventType "swiss"]
[EventRounds "9"]
[EventCountry "ESP"]
[SourceTitle "CB04_2024"]
[SourceDate "2023.10.16"]
[SourceVersion "1"]
[SourceVersionDate "2023.10.16"]
[SourceQuality "1"]

1. d4 d5 2. c4 c6 3. Nc3 Nf6 4. Nf3 e6 5. e3 Nbd7 6. Bd3 dxc4 7. Bxc4 b5 8. Bd3 Bb7 9. e4 b4 10. Na4 c5 11. e5 Nd5 12. 0-0 h6 13. Bd2 Rc8 14. Nxc5 Nxc5 15. dxc5 Bxc5 16. Qe2 Qb6 17. Rac1 Ke7 18. Qe4 Ba6 19. Bxa6 Qxa6 20. Qh4+ Kd7 21. Qg4 g6 22. Ne1 Be7 23. Qf3 Rxc1 24. Bxc1 Rc8 25. Bxh6 Qxa2 26. Nd3 Ke8 27. Qd1 Qa6 28. Nf4 Nxf4 29. Bxf4 Qb5 30. Qb3 a5 31. Ra1 g5 32. Be3 Qxe5 33. Qa4+ Kf8 34. b3 Rd8 35. Bb6 Rd2 36. Be3 Rd5 37. Rb1 Kg7 38. Qa1 Qxa1 39. Rxa1 Bf6 40. Rb1 a4 41. bxa4 b3 42. h4 b2 43. Bxg5 Bc3 44. Kf1 Rd4 45. Ke2 Rxa4 46. Kd3 Be5 47. g3 Ra3+ 48. Kd2 Bc3+ 49. Kc2 Bd4 50. Rxb2 Bxb2 51. Kxb2 Rd3 52. Kc2 Rd5 53. Bd2 Kg6 54. Kd1 Kh5 55. Ke2 Kg4 56. Bf4 Rb5 57. Ke3 e5 58. Bg5 f5 59. Bf6 Rb3+ 60. Ke2 Rb2+ 61. Ke1 Kf3 62. Kd1 Rb5 63. Ke1 f4 64. gxf4 exf4 65. Bd4 Rd5 66. Bf6 Rd6 67. Bg7 Rg6 68. Bf8 Rg1+ 69. Kd2 Rh1 70. Bc5 Rxh4 71. Kd3 Rh2 0-1

[Event "Seville op 49th"]
[Site "Seville"]
[Date "2024.01.16"]
[Round "5"]
[White "Mitusov, Semen"]
[Black "Ouellet, Maili Jade"]
[Result "1/2-1/2"]
[WhiteElo "2479"]
[BlackElo "2222"]
[PlyCount "99"]
[EventDate "2024.01.12"]
[EventType "swiss"]
[EventRounds "9"]
[EventCountry "ESP"]
[SourceTitle "CB04_2024"]
[SourceDate "2023.10.16"]
[SourceVersion "1"]
[SourceVersionDate "2023.10.16"]
[SourceQuality "1"]

1. e4 c5 2. Nf3 d6 3. d4 cxd4 4. Nxd4 Nf6 5. Nc3 a6 6. a4 e5 7. Nf3 Be7 8. Bg5 Be6 9. Bxf6 Bxf6 10. Nd5 Nd7 11. Bc4 Nb6 12. Nxb6 Qxb6 13. Bxe6 fxe6 14. 0-0 0-0 15. c4 Qc5 16. b3 a5 17. Ra2 Be7 18. Qe2 Rf4 19. Rd2 Raf8 20. Rd3 Qc6 21. Nd2 Bd8 22. Rf3 Rxf3 23. Nxf3 Bb6 24. g3 Bc5 25. Ne1 Qb6 26. Qc2 Qc6 27. Qd3 Qb6 28. Nf3 Rf6 29. Kg2 Qc7 30. Ng5 h6 31. Nh3 g5 32. f3 Qf7 33. Nf2 b6 34. Nd1 Qg6 35. Nc3 Rf7 36. Nb5 Qg7 37. Qe2 Rd7 38. Rd1 Kf8 39. Rd3 Ke7 40. Kf1 Kd8 41. Ke1 Kc8 42. Kd1 Kb7 43. Kc2 Qf8 44. Qd1 Bb4 45. Qf1 Rf7 46. Qd1 Rd7 47. Kb1 Bc5 48. Ka2 Bb4 49. Nc3 Rf7 50. Nb5 1/2-1/2

[Event "Montreal Pere Noel op"]
[Site "Montreal"]
[Date "2023.12.30"]
[Round "5"]
[White "Ouellet, Maili Jade"]
[Black "Kot, Emanuel"]
[Result "1-0"]
[WhiteElo "2222"]
[BlackElo "2033"]
[PlyCount "107"]
[EventDate "2023.12.27"]
[EventType "swiss"]
[EventRounds "5"]
[EventCountry "CAN"]
[SourceTitle "CB02_2024"]
[SourceDate "2024.01.10"]
[SourceVersion "1"]
[SourceVersionDate "2024.01.10"]
[SourceQuality "1"]

1. d4 Nf6 2. c4 g6 3. Nc3 Bg7 4. e4 d6 5. f3 0-0 6. Be3 a6 7. Qd2 Nc6 8. Nge2 Rb8 9. Rc1 Bd7 10. Nd1 Re8 11. Nf2 b5 12. c5 dxc5 13. Rxc5 e5 14. d5 Ne7 15. g4 c6 16. dxc6 Bxc6 17. g5 Qxd2+ 18. Bxd2 Nd7 19. Rc1 Nb6 20. b3 Bd7 21. Nd3 Bc8 22. Bb4 Bb7 23. Bh3 Nc6 24. Bc5 Rbd8 25. Bxb6 Rxd3 26. Kf2 Bf8 27. Rcd1 Rxd1 28. Rxd1 Bc8 29. Bd7 Bxd7 30. Rxd7 Rc8 31. h4 Ba3 32. Nc3 Nb4 33. Nd5 Rc2+ 34. Kg3 Nxd5 35. exd5 Bc1 36. Rd8+ Kg7 37. f4 Bxf4+ 38. Kf3 f5 39. gxf6+ Kxf6 40. Rd7 g5 41. h5 e4+ 42. Kxe4 Re2+ 43. Kf3 Rxa2 44. Rxh7 Ke5 45. Rd7 Rh2 46. Bc7+ Kf6 47. Bxf4 gxf4 48. h6 Kf5 49. h7 a5 50. Re7 a4 51. bxa4 bxa4 52. d6 Kf6 53. Ra7 a3 54. d7 1-0

[Event "US Masters op"]
[Site "Charlotte"]
[Date "2023.11.25"]
[Round "7"]
[White "Ouellet, Maili Jade"]
[Black "Kavutskiy, Konstantin"]
[Result "0-1"]
[WhiteElo "2231"]
[BlackElo "2394"]
[PlyCount "66"]
[EventDate "2023.11.22"]
[EventType "swiss"]
[EventRounds "9"]
[EventCountry "USA"]
[SourceTitle "CB48_2023"]
[SourceDate "2023.11.29"]
[SourceVersion "1"]
[SourceVersionDate "2023.11.29"]
[SourceQuality "1"]

1. d4 Nf6 2. c4 g6 3. Nc3 Bg7 4. e4 d6 5. f3 0-0 6. Be3 a6 7. Qd2 c6 8. a4 c5 9. d5 e6 10. Nge2 exd5 11. cxd5 Nbd7 12. Ng3 h5 13. Bg5 Qc7 14. Be2 Re8 15. 0-0 Nh7 16. Bh4 c4 17. Kh1 Rb8 18. a5 b5 19. axb6 Rxb6 20. Rac1 Rb4 21. Nd1 a5 22. b3 Ba6 23. Bxc4 Bxc4 24. Ne3 Nc5 25. Rxc4 Rxb3 26. Ne2 Qb6 27. Bf2 Qa6 28. Rc2 Bh6 29. Rb2 Rd3 30. Qc1 Bxe3 31. Bxe3 Nb3 32. Rxb3 Rxb3 33. Re1 Rc8 0-1

[Event "New York 1000 GM Fall IM-B"]
[Site "New York"]
[Date "2023.11.08"]
[Round "1"]
[White "Ouellet, Maili Jade"]
[Black "Bonin, Jay R"]
[Result "1-0"]
[WhiteElo "2231"]
[BlackElo "2203"]
[PlyCount "69"]
[EventDate "2023.11.08"]
[EventType "tourn"]
[EventRounds "9"]
[EventCountry "USA"]
[SourceTitle "CB46_2023"]
[SourceDate "2023.11.15"]
[SourceVersion "1"]
[SourceVersionDate "2023.11.15"]
[SourceQuality "1"]

1. d4 Nf6 2. c4 e6 3. Nc3 Bb4 4. f3 d5 5. a3 Bxc3+ 6. bxc3 c5 7. cxd5 Nxd5 8. dxc5 0-0 9. e4 Ne7 10. Qxd8 Rxd8 11. Bf4 Ng6 12. Bc7 Rd7 13. Bd6 Nc6 14. Bb5 Rd8 15. Ne2 Bd7 16. a4 Rac8 17. 0-0 a6 18. Bxc6 Bxc6 19. Rfd1 e5 20. Ng3 f6 21. Nf5 Kf7 22. Kf2 Rd7 23. Ne3 Ke6 24. Nc4 Rf7 25. Rd2 Rd8 26. Na5 Be8 27. Rb2 Nf4 28. Rb6 Bc6 29. Nxc6 bxc6 30. Rab1 f5 31. exf5+ Kd5 32. g3 Nd3+ 33. Ke3 Kc4 34. Rd1 Nxc5 35. Rxc6 1-0

[Event "Titled Tuesday intern op 29th Aug Early"]
[Site "Chess.com INT"]
[Date "2023.08.29"]
[Round "2"]
[White "Gubajdullin, Alexey"]
[Black "Ouellet, Maili Jade"]
[Result "1-0"]
[WhiteElo "2253"]
[BlackElo "2195"]
[PlyCount "89"]
[EventDate "2023.08.29"]
[EventType "swiss (blitz)"]
[EventRounds "11"]
[EventCountry "USA"]
[SourceTitle "EXT 2024"]
[Source "ChessBase"]
[SourceDate "2023.10.10"]
[SourceVersion "1"]
[SourceVersionDate "2023.10.10"]
[SourceQuality "1"]

1. d4 Nf6 2. Nf3 d5 3. Bf4 c6 4. e3 Bf5 5. c4 e6 6. Qb3 Qb6 7. c5 Qxb3 8. axb3 Nbd7 9. h3 h6 10. Nbd2 a6 11. b4 0-0-0 12. Nb3 Ne4 13. Na5 Nb8 14. Bxb8 Kxb8 15. Bxa6 bxa6 16. Nxc6+ Kc7 17. Nxd8 Kxd8 18. Rxa6 f6 19. b5 g5 20. b6 Kc8 21. c6 Bd6 22. Ke2 Bb8 23. Rc1 Nd6 24. Ra8 Nc4 25. c7 Kb7 26. Rxb8+ Rxb8 27. cxb8Q+ Kxb8 28. b3 Nxb6 29. Ne1 Kb7 30. Nd3 Ka6 31. Nc5+ Kb5 32. g4 Bg6 33. Nxe6 h5 34. Nc7+ Kb4 35. Rc6 Ka5 36. Nxd5 Nxd5 37. Rc5+ Kb4 38. Rxd5 hxg4 39. hxg4 Kxb3 40. Rd6 Kc4 41. Rxf6 Bd3+ 42. Kd2 Be4 43. f3 Bd5 44. Rf5 Bb7 45. Ke2 1-0

[Event "Titled Tuesday intern op 29th Aug Late"]
[Site "Chess.com INT"]
[Date "2023.08.29"]
[Round "6"]
[White "Yedidia, Jonathan"]
[Black "Ouellet, Maili Jade"]
[Result "0-1"]
[WhiteElo "2360"]
[BlackElo "2195"]
[PlyCount "88"]
[EventDate "2023.08.29"]
[EventType "swiss (blitz)"]
[EventRounds "11"]
[EventCountry "USA"]
[SourceTitle "EXT 2024"]
[Source "ChessBase"]
[SourceDate "2023.10.10"]
[SourceVersion "1"]
[SourceVersionDate "2023.10.10"]
[SourceQuality "1"]

1. d4 Nf6 2. c4 g6 3. Nc3 d5 4. e3 Bg7 5. cxd5 Nxd5 6. Nxd5 Qxd5 7. Ne2 0-0 8. Nc3 Qa5 9. Be2 Rd8 10. 0-0 c5 11. d5 e6 12. e4 exd5 13. exd5 Nd7 14. Bg5 Nf6 15. Bf3 h6 16. Bf4 Be6 17. Qb3 Bf5 18. Qxb7 Qb4 19. d6 Qxf4 20. Rad1 c4 21. Qc7 Rac8 22. Qxa7 Bd3 23. Rfe1 Qxd6 24. Re3 Qb8 25. Qa3 Re8 26. b4 Rxe3 27. fxe3 Qe5 28. Qc1 Re8 29. a4 Nd7 30. a5 Qxc3 31. Qxc3 Bxc3 32. a6 Bxb4 33. a7 Nb6 34. Ra1 Bc5 35. Ra6 Bxe3+ 36. Kh1 Bc5 37. h4 Bd6 38. g3 Bc5 39. Ra5 Bd4 40. Rb5 c3 41. Rxb6 Bxb6 42. a8Q Rxa8 43. Bxa8 c2 44. Kg2 c1Q 0-1

[Event "Skalica op-A"]
[Site "Skalica"]
[Date "2023.08.27"]
[Round "9"]
[White "Ouellet, Maili Jade"]
[Black "Simpson, Michael"]
[Result "1-0"]
[WhiteElo "2195"]
[BlackElo "2069"]
[PlyCount "127"]
[EventDate "2023.08.19"]
[EventType "swiss"]
[EventRounds "9"]
[EventCountry "SVK"]
[SourceTitle "CBM 215 Extra"]
[Source "ChessBase"]
[SourceDate "2023.09.30"]
[SourceVersion "1"]
[SourceVersionDate "2023.09.30"]
[SourceQuality "1"]

1. d4 d5 2. c4 e6 3. Nc3 a6 4. cxd5 exd5 5. Nf3 c6 6. e4 dxe4 7. Ng5 Be7 8. Bc4 Bxg5 9. Qh5 g6 10. Qxg5 Qxg5 11. Bxg5 Bf5 12. 0-0 h6 13. Bh4 g5 14. Bg3 Nf6 15. f3 e3 16. Ne4 Bxe4 17. fxe4 Nxe4 18. Bxf7+ Ke7 19. Be5 Rf8 20. Bg6 Nf6 21. Rae1 Nbd7 22. Bxf6+ Rxf6 23. Rxe3+ Kd6 24. Rxf6+ Nxf6 25. Bf7 Ng4 26. Re6+ Kd7 27. Rg6 Ke7 28. Bb3 a5 29. a4 Rd8 30. Re6+ Kf8 31. h3 Rxd4 32. hxg4 Rxg4 33. Rxh6 Rb4 34. Rh3 b5 35. Rc3 Ke7 36. Kf1 Kd6 37. g3 bxa4 38. Bd1 Rxb2 39. Bxa4 c5 40. Bc2 Ra2 41. Ke2 a4 42. Kd3 a3 43. Kd2 Ra1 44. Bd1 a2 45. Ra3 c4 46. g4 Ke5 47. Ra4 c3+ 48. Kc2 Kd6 49. Be2 Ke5 50. Bc4 Kf4 51. Bxa2+ Kg3 52. Kxc3 Kh4 53. Kb2 Re1 54. Bb1 Re2+ 55. Kc3 Re3+ 56. Kd2 Rg3 57. Bf5 Ra3 58. Re4 Ra2+ 59. Kd3 Ra3+ 60. Kd4 Ra4+ 61. Ke5 Ra6 62. Rd4 Ra5+ 63. Kf6 Ra3 64. Rd8 1-0

[Event "Skalica op-A"]
[Site "Skalica"]
[Date "2023.08.25"]
[Round "7"]
[White "Ouellet, Maili Jade"]
[Black "Jablonicky, Martin"]
[Result "1/2-1/2"]
[WhiteElo "2195"]
[BlackElo "2376"]
[PlyCount "138"]
[EventDate "2023.08.19"]
[EventType "swiss"]
[EventRounds "9"]
[EventCountry "SVK"]
[SourceTitle "CBM 215 Extra"]
[Source "ChessBase"]
[SourceDate "2023.09.30"]
[SourceVersion "1"]
[SourceVersionDate "2023.09.30"]
[SourceQuality "1"]

1. d4 e6 2. c4 Bb4+ 3. Nc3 c5 4. d5 Nf6 5. f3 d6 6. e4 b5 7. Nge2 exd5 8. cxd5 0-0 9. Ng3 a6 10. a4 bxa4 11. Be2 a3 12. 0-0 Nbd7 13. Qc2 axb2 14. Bxb2 Re8 15. Nd1 Ne5 16. Ne3 a5 17. Kh1 Ba6 18. Bxa6 Rxa6 19. f4 Ned7 20. Qd3 c4 21. Qxc4 Qc8 22. Qe2 Nxe4 23. Nxe4 Rxe4 24. Qg4 g6 25. Nf5 Qd8 26. Rac1 Ra8 27. Qg3 Kf8 28. Nd4 Kg8 29. Qf3 Re8 30. Nf5 Nf6 31. Nh6+ Kf8 32. Qd3 Ng8 33. Qd4 f6 34. Nxg8 Kxg8 35. f5 g5 36. Qxf6 Qxf6 37. Bxf6 Rac8 38. Bxg5 Bc3 39. g4 a4 40. Rc2 Be5 41. Rfc1 Rxc2 42. Rxc2 a3 43. Bc1 Ra8 44. Ra2 Rc8 45. Bxa3 Ra8 46. Kg2 Bc3 47. Kf3 Kf7 48. g5 Bb4 49. Bxb4 Rxa2 50. Bxd6 Rd2 51. Ke4 Re2+ 52. Kd4 Rf2 53. f6 h6 54. h4 hxg5 55. hxg5 Rf5 56. Be7 Rxg5 57. Kc5 Rg1 58. Kc6 Rd1 59. Bd8 Rd2 60. Be7 Rd1 61. Kc5 Rd2 62. Kd6 Rd1 63. Bd8 Rd2 64. Ke5 Re2+ 65. Kd4 Rd2+ 66. Ke4 Rd1 67. Be7 Re1+ 68. Kd4 Rd1+ 69. Kc5 Rd2 1/2-1/2

[Event "Skalica op-A"]
[Site "Skalica"]
[Date "2023.08.19"]
[Round "1"]
[White "Sosovickova, Martina"]
[Black "Ouellet, Maili Jade"]
[Result "0-1"]
[WhiteElo "1928"]
[BlackElo "2195"]
[PlyCount "144"]
[EventDate "2023.08.19"]
[EventType "swiss"]
[EventRounds "9"]
[EventCountry "SVK"]
[SourceTitle "CBM 215 Extra"]
[Source "ChessBase"]
[SourceDate "2023.09.30"]
[SourceVersion "1"]
[SourceVersionDate "2023.09.30"]
[SourceQuality "1"]

1. e4 c5 2. Nf3 Nc6 3. d4 cxd4 4. Nxd4 Nf6 5. Nc3 e5 6. Ndb5 d6 7. Bg5 a6 8. Na3 b5 9. Nd5 Be7 10. Bxf6 Bxf6 11. c3 Rb8 12. Nc2 Bg5 13. Be2 0-0 14. 0-0 Be6 15. Nce3 g6 16. Kh1 f5 17. f3 Kh8 18. a4 Qc8 19. axb5 axb5 20. Nc2 Rd8 21. Ncb4 Nxb4 22. Nxb4 d5 23. exd5 Bxd5 24. Nxd5 Qc5 25. Qb3 Qxd5 26. Qxd5 Rxd5 27. Rfd1 Rxd1+ 28. Rxd1 b4 29. cxb4 Rxb4 30. Rb1 Be3 31. b3 Bd4 32. Bc4 Kg7 33. g3 Kf6 34. Re1 Rb7 35. Rd1 h5 36. f4 h4 37. fxe5+ Bxe5 38. Kg2 Ra7 39. Rd2 Rh7 40. Ra2 Kg5 41. gxh4+ Rxh4 42. h3 Rd4 43. Re2 Kf6 44. Rc2 Bd6 45. Re2 Bc5 46. Kg3 Kg5 47. Re6 Bd6+ 48. Kg2 Rd2+ 49. Re2 Rd1 50. Rb2 Bc5 51. Kh2 Kh4 52. Be2 Rc1 53. Ra2 Rc3 54. Ra4+ Kg5 55. h4+ Kh6 56. Bc4 Rc2+ 57. Kg3 Bf2+ 58. Kh3 Rc3+ 59. Kg2 Bxh4 60. Bf7 Bf6 61. b4 Rc2+ 62. Kf3 Rb2 63. Be8 g5 64. b5 Rb3+ 65. Kg2 g4 66. Bd7 Rb2+ 67. Kg1 Kg5 68. Rc4 g3 69. Bc6 Bd8 70. Rc3 Bb6+ 71. Kf1 Rf2+ 72. Ke1 Ba5 0-1

[Event "Titled Tuesday intern op 15th Aug Early"]
[Site "Chess.com INT"]
[Date "2023.08.15"]
[Round "8"]
[White "Ouellet, Maili Jade"]
[Black "Frayna, Janelle Mae"]
[Result "1-0"]
[WhiteElo "2195"]
[BlackElo "2243"]
[PlyCount "93"]
[EventDate "2023.08.15"]
[EventType "swiss (blitz)"]
[EventRounds "11"]
[EventCountry "USA"]
[SourceTitle "EXT 2024"]
[Source "ChessBase"]
[SourceDate "2023.10.10"]
[SourceVersion "1"]
[SourceVersionDate "2023.10.10"]
[SourceQuality "1"]

1. e4 Nf6 2. e5 Nd5 3. d4 d6 4. Nf3 g6 5. Be2 Bg7 6. 0-0 0-0 7. Nbd2 Nc6 8. Re1 dxe5 9. dxe5 Nxe5 10. Nxe5 Bxe5 11. Nc4 Bg7 12. Bf3 c6 13. c3 Be6 14. Qe2 Nb6 15. Ne5 Bd5 16. Bf4 Bxf3 17. Qxf3 Qd5 18. Qg3 Rad8 19. h4 f6 20. Ng4 e5 21. Nh6+ Kh8 22. Be3 f5 23. Bg5 Rd7 24. Kh2 f4 25. Qh3 e4 26. Rad1 Qxd1 27. Rxd1 Rxd1 28. Qe6 Rd7 29. Qxe4 Nd5 30. c4 Nf6 31. Qe6 Rc7 32. Bxf4 Rcc8 33. Nf7+ Rxf7 34. Qxf7 Rf8 35. Qxb7 Ng4+ 36. Kg3 Nf6 37. Kh3 Ne4 38. Be3 h5 39. Qxc6 Nf6 40. f3 Kh7 41. Bxa7 Rd8 42. b4 Rd1 43. Kg3 Rd3 44. b5 Ne8 45. Bb8 Rd8 46. Bf4 Bf6 47. b6 1-0

[Event "Titled Tuesday intern op 15th Aug Late"]
[Site "Chess.com INT"]
[Date "2023.08.15"]
[Round "6"]
[White "Ouellet, Maili Jade"]
[Black "Michalczak, Thomas"]
[Result "0-1"]
[WhiteElo "2195"]
[BlackElo "2200"]
[PlyCount "114"]
[EventDate "2023.08.15"]
[EventType "swiss (blitz)"]
[EventRounds "11"]
[EventCountry "USA"]
[SourceTitle "EXT 2024"]
[Source "ChessBase"]
[SourceDate "2023.10.10"]
[SourceVersion "1"]
[SourceVersionDate "2023.10.10"]
[SourceQuality "1"]

1. e4 e5 2. Nf3 Nc6 3. Bb5 a6 4. Ba4 Nf6 5. 0-0 Be7 6. d3 b5 7. Bb3 d6 8. a4 Bd7 9. c3 0-0 10. h3 h6 11. Re1 Re8 12. Nbd2 Bf8 13. Nf1 Na5 14. Bc2 c5 15. Ng3 g6 16. d4 cxd4 17. cxd4 Qc7 18. Bd2 Rac8 19. Bd3 Nc4 20. Rc1 Qb6 21. Bxc4 bxc4 22. Bc3 Qb3 23. dxe5 dxe5 24. Nxe5 Qxd1 25. Rcxd1 Bxa4 26. Ra1 Bc2 27. Rxa6 Bg7 28. Nxg6 Nxe4 29. Nxe4 Bxe4 30. Nf4 Bb7 31. Raa1 Bf8 32. Nh5 Rxe1+ 33. Rxe1 f5 34. Re6 Rc5 35. Rb6 Bc6 36. Bd4 Ba4 37. Bxc5 Bxc5 38. Rb7 Bd4 39. Ng3 Bc2 40. Ne2 Be5 41. Nc3 Bb3 42. g3 h5 43. f4 Bd4+ 44. Kg2 Kf8 45. Rh7 Be3 46. Rxh5 Bc1 47. Rxf5+ Kg7 48. Ne4 Bxb2 49. Nc5 Bc2 50. Rg5+ Kh6 51. g4 Bd4 52. Rh5+ Kg6 53. Ne6 Kf7 54. f5 Be4+ 55. Kg3 Be5+ 56. Kf2 c3 57. Ke3 c2 0-1

[Event "Titled Tuesday intern op 15th Aug Late"]
[Site "Chess.com INT"]
[Date "2023.08.15"]
[Round "5"]
[White "Ouellet, Maili Jade"]
[Black "Morgunov, Marc"]
[Result "0-1"]
[WhiteElo "2195"]
[BlackElo "2394"]
[PlyCount "98"]
[EventDate "2023.08.15"]
[EventType "swiss (blitz)"]
[EventRounds "11"]
[EventCountry "USA"]
[SourceTitle "EXT 2024"]
[Source "ChessBase"]
[SourceDate "2023.10.10"]
[SourceVersion "1"]
[SourceVersionDate "2023.10.10"]
[SourceQuality "1"]

1. e4 c5 2. Nf3 d6 3. d4 cxd4 4. Nxd4 Nf6 5. Nc3 g6 6. Be2 Bg7 7. Be3 a6 8. 0-0 0-0 9. h3 b5 10. a3 Bb7 11. Bd3 Nbd7 12. Qf3 Rc8 13. Rfe1 Ne5 14. Qg3 Nc4 15. Bxc4 Rxc4 16. f3 Nxe4 17. Nxe4 Bxd4 18. Bxd4 Rxd4 19. b3 Qc7 20. c3 Rd3 21. Qh4 f6 22. Rad1 Bxe4 23. Qxe4 Rxd1 24. Rxd1 Rc8 25. Rd3 Qc5+ 26. Kh1 Qe5 27. Qxe5 fxe5 28. Kg1 Kf7 29. Kf2 Ke6 30. Ke3 d5 31. Kd2 g5 32. Re3 Kf5 33. Re2 h5 34. Kd3 h4 35. Rd2 e6 36. Re2 a5 37. Rd2 Kf4 38. Re2 a4 39. bxa4 bxa4 40. Rb2 Kg3 41. Rb4 Kxg2 42. Rxa4 Rc4 43. Ra6 Kxf3 44. Rxe6 e4+ 45. Kd2 g4 46. hxg4 Kxg4 47. Rg6+ Kf5 48. Rh6 Ra4 49. Rxh4 e3+ 0-1

[Event "Titled Tuesday intern op 15th Aug Late"]
[Site "Chess.com INT"]
[Date "2023.08.15"]
[Round "11"]
[White "Ouellet, Maili Jade"]
[Black "Osmonbekov, Talaibek D"]
[Result "1-0"]
[WhiteElo "2195"]
[BlackElo "2137"]
[PlyCount "75"]
[EventDate "2023.08.15"]
[EventType "swiss (blitz)"]
[EventRounds "11"]
[EventCountry "USA"]
[SourceTitle "EXT 2024"]
[Source "ChessBase"]
[SourceDate "2023.10.10"]
[SourceVersion "1"]
[SourceVersionDate "2023.10.10"]
[SourceQuality "1"]

1. e4 c5 2. Nf3 d6 3. d4 cxd4 4. Nxd4 Nf6 5. Nc3 g6 6. Bc4 Bg7 7. f3 Nc6 8. Nxc6 bxc6 9. Be3 0-0 10. 0-0 a5 11. Bb3 Rb8 12. Qd2 Re8 13. Rfe1 Qc7 14. Rad1 Ba6 15. Na4 c5 16. e5 dxe5 17. Nxc5 Bc8 18. Ba4 Rf8 19. b3 Nh5 20. c4 Nf4 21. Qf2 Ne6 22. Nd7 Bxd7 23. Rxd7 Qc8 24. Rxe7 Nd4 25. f4 Nc2 26. Qxc2 exf4 27. Bxf4 Qc5+ 28. Kh1 Rbd8 29. Qe2 Bc3 30. Rf1 Bb4 31. Re3 Bd2 32. Re4 Bb4 33. Bh6 Qh5 34. Bxf8 Rxf8 35. Qxh5 gxh5 36. Re5 Kg7 37. Rxh5 Kg6 38. Rh3 1-0

[Event "Titled Tuesday intern op 15th Aug Early"]
[Site "Chess.com INT"]
[Date "2023.08.15"]
[Round "4"]
[White "Ouellet, Maili Jade"]
[Black "Stangl, Anita"]
[Result "1-0"]
[WhiteElo "2195"]
[BlackElo "2037"]
[PlyCount "85"]
[EventDate "2023.08.15"]
[EventType "swiss (blitz)"]
[EventRounds "11"]
[EventCountry "USA"]
[SourceTitle "EXT 2024"]
[Source "ChessBase"]
[SourceDate "2023.10.10"]
[SourceVersion "1"]
[SourceVersionDate "2023.10.10"]
[SourceQuality "1"]

1. e4 e6 2. d4 d5 3. Nc3 Nf6 4. e5 Nfd7 5. f4 c5 6. Nf3 Nc6 7. Be3 Qb6 8. Na4 Qa5+ 9. c3 cxd4 10. Nxd4 Nxd4 11. b4 Bxb4 12. Bxd4 Be7 13. Rb1 0-0 14. Bd3 a6 15. Nb6 Nxb6 16. Bxb6 Qxc3+ 17. Ke2 Qc6 18. Qb3 f6 19. Rbc1 Qe8 20. Bd4 Qh5+ 21. Kd2 fxe5 22. Bxe5 Bf6 23. Bd6 Rd8 24. Bc7 Rd7 25. Rc2 e5 26. Re1 Qg4 27. fxe5 Bg5+ 28. Re3 Qxg2+ 29. Be2 Qe4 30. Bb6 Kh8 31. Bd3 Qxe3+ 32. Bxe3 Bxe3+ 33. Kxe3 Rd8 34. Rf2 d4+ 35. Ke2 Bg4+ 36. Kd2 Re8 37. Qd5 Rad8 38. Qe4 g6 39. Qxg4 Rxe5 40. Rf7 Kg8 41. Rxh7 g5 42. Qh5 Rde8 43. Qf7# 1-0

[Event "Biel HTO 56th"]
[Site "Biel"]
[Date "2023.07.27"]
[Round "10"]
[White "Urh, Zala"]
[Black "Ouellet, Maili Jade"]
[Result "0-1"]
[WhiteElo "2231"]
[BlackElo "2201"]
[PlyCount "80"]
[EventDate "2023.07.17"]
[EventType "swiss"]
[EventRounds "10"]
[EventCountry "SUI"]
[SourceTitle "CBM 215 Extra"]
[Source "ChessBase"]
[SourceDate "2023.09.30"]
[SourceVersion "1"]
[SourceVersionDate "2023.09.30"]
[SourceQuality "1"]

1. d4 f5 2. Bf4 Nf6 3. e3 e6 4. Nf3 Be7 5. h3 b6 6. c4 Bb7 7. Nc3 d6 8. Bd3 Nbd7 9. Qc2 Bxf3 10. gxf3 Nh5 11. Bh2 g6 12. 0-0-0 0-0 13. Ne2 Bg5 14. Rhg1 Kh8 15. Kb1 Bh6 16. Qa4 a6 17. e4 f4 18. e5 Qe7 19. exd6 cxd6 20. Rde1 Bg7 21. Rg4 Ndf6 22. Rg5 Bh6 23. Rg2 Qd7 24. Qc2 Rac8 25. Nc3 b5 26. cxb5 axb5 27. Qb3 b4 28. Ne4 e5 29. Reg1 Nxe4 30. Bxe4 Nf6 31. Qxb4 Rb8 32. Qa3 exd4 33. Bc2 Nd5 34. Bb3 Nb4 35. Qa5 Rb5 36. Qa4 Qf5+ 37. Ka1 d3 38. Rg4 Qe5 39. Rb1 Rfb8 40. Qa7 Nc2+ 0-1

[Event "Biel HTO 56th"]
[Site "Biel"]
[Date "2023.07.26"]
[Round "9"]
[White "Ouellet, Maili Jade"]
[Black "Akshit, Kumar J"]
[Result "0-1"]
[WhiteElo "2201"]
[BlackElo "2105"]
[PlyCount "108"]
[EventDate "2023.07.17"]
[EventType "swiss"]
[EventRounds "10"]
[EventCountry "SUI"]
[SourceTitle "CBM 215 Extra"]
[Source "ChessBase"]
[SourceDate "2023.09.30"]
[SourceVersion "1"]
[SourceVersionDate "2023.09.30"]
[SourceQuality "1"]

1. d4 d5 2. c4 c6 3. Nf3 Nf6 4. Nc3 e6 5. Bg5 Nbd7 6. cxd5 exd5 7. e3 h6 8. Bh4 g5 9. Bg3 Nh5 10. Bd3 Nxg3 11. hxg3 Bg7 12. Nd2 Nb6 13. g4 Qe7 14. Qe2 Be6 15. Rc1 0-0-0 16. Nf1 Qd7 17. Ng3 Bxg4 18. Qxg4 Qxg4 19. Bf5+ Qxf5 20. Nxf5 Bf8 21. g4 Kd7 22. Rh5 Ke6 23. f3 Nd7 24. Ng3 Kf6 25. Kf2 Kg6 26. Rch1 Nf6 27. R5h3 c5 28. Nce2 c4 29. Nc3 a6 30. Nh5 Nxh5 31. Rxh5 b5 32. Ne2 a5 33. f4 f6 34. Ng3 a4 35. Ne2 a3 36. Rb1 axb2 37. Rxb2 b4 38. Ke1 Ra8 39. Nc1 Bd6 40. f5+ Kg7 41. Kf2 Ra3 42. Re2 Rc8 43. Re1 Kh7 44. Reh1 Bf8 45. R5h3 Rc3 46. Rg3 Rb8 47. Rgg1 Rc2+ 48. Kf3 b3 49. axb3 cxb3 50. Nd3 b2 51. Rb1 Ba3 52. e4 Rb3 53. Rhd1 Rc1 54. Rxb2 Bxb2 0-1